Les films (longs-métrages) dans lesquels a joué Samuel Lee Jackson - Statistiques

Statistiques générales
  • Ce quiz a été pris 3 fois
  • Le résultat moyen est 24 sur 131
Statistiques - réponses
Année de sortie Film % Correct
2012 Django Unchained
100%
1994 Pulp Fiction
100%
2012 Avengers
67%
2018 Avengers: Infinity War
67%
2015 Avengers : L'Ère d'Ultron
67%
2014 Captain America: Le Soldat de l'hiver
67%
2019 Captain Marvel
67%
2011 Captain Marvel: First Avenger
67%
2005 Coach Carter
67%
2006 Des serpents dans l'avion
67%
2000 Incassable
67%
2009 Inglourious Basterds
67%
2008 Iron Man
67%
2010 Iron Man 2
67%
1997 Jackie Brown
67%
2015 Les Huit Salopards
67%
2019 Spider-Man: Far From Home
67%
2005 Star Wars, épisode III: La Revanche des Sith
67%
2002 Star Wars, épisode II: L'Attaque des clones
67%
1999 Star Wars, épisode I : La Menace fantôme
67%
2011 Thor
67%
1997 187 code meurtre
33%
1993 Alarme fatale
33%
2019 Avengers: Endgame
33%
2003 Basic
33%
2006 Black Snake Moan
33%
1989 Do The Right Thing
33%
1996 Double Mise
33%
2019 Glass
33%
1998 Hors d'atteinte
33%
1992 Juice
33%
1991 Jungle Fever
33%
1993 Jurassic Park
33%
2015 Kingsman: Services Secrets
33%
1980 Le Droit de tuer
33%
1996 Le Droit de Tuer?
33%
1990 Les Affranchis
33%
1989 Mélodie pour un meurtre
33%
2016 Miss Peregrine et les Enfants particuliers
33%
1998 Négociateur
33%
1999 Peur bleue
33%
2000 | 2019 Shaft
33%
1998 Sphère
33%
1993 True Romance
33%
1995 Une journée en enfer
33%
2010 Very Bads Cops
33%
2002 XXX
33%
2005 XXX2: The Next Level
33%
2025 Afterburn
0%
1994 A la recherche de Jimmy le Borgne
0%
1993 Amos et Andrew
0%
2011 Arena
0%
2024 Argylle
0%
1996 Au revoir à jamais
0%
2014 Big Game
0%
1992 Brothers in the Bronx
0%
1990 Business oblige
0%
2016 Cell Phone
0%
2007 Chambre 1408
0%
2015 Chi-Raq
0%
2007 Cleaner
0%
2024 Damaged
0%
2002 Dérapages incontrôlés
0%
1995 Fluke
0%
1994 Fresh
0%
2014 Game of Fear
0%
2008 Gospel Hill
0%
1994 Hail Caesar
0%
2008 Harcelés
0%
2017 Hitman and Bodyguard
0%
2021 Hitman and Bodyguard 2
0%
2004 In My Country
0%
2004 Instincts meurtriers
0%
1992 Jeux de guerre
0%
1991 Johnny Suede
0%
2008 Jumper
0%
2004 Kill Bill: Volume 2
0%
1995 Kiss of Death
0%
2014 Kite
0%
2017 Kong: Skull Island
0%
1996 La Couleur de l'arnaque
0%
2006 La Couleur du crime
0%
2024 La Dernière Chevauchée
0%
2021 La Protégée
0%
2001 Le 51ème État
0%
2005 Le Boss
0%
1990 Le Mariage de Betsy
0%
2000 L'Enfer du devoir
0%
1997 Le Secret du bayou
0%
2006 Les Soldats du désert
0%
1998 Le Violon rouge
0%
1990 L'Exorciste, la suite
0%
1995 Losing Isaiah: Les Chemins de l'amour
0%
2019 L'Ultime Sacrifice
0%
1987 Magic Sticks
0%
1993 Menace to Society
0%
1990 Mo'Better Blues
0%
2009 Mother and Child
0%
2010 No Limit
0%
2013 Old Boy
0%
1981 Ragtime
0%
2007 Renaissance d'un champion
0%
2012 Rencontre avec le mal
0%
2014 RoboCop
0%
1992 Sables mortels
0%
2002 Sans motif apparent
0%
1988 School Daze
0%
2015 Secret Agency
0%
2018 Seule la vie...
0%
2008 Soul Men
0%
2021 Spirale: L'Héritage de Saw
0%
1991 Strictly Business
0%
1990 Succube
0%
2003 S.W.A.T unité d'élite
0%
2016 Tarzan
0%
2020 The Banker
0%
2001 The Caveman's Valentine
0%
2026 The Great Beyond
0%
2023 The Kill Room
0%
2023 The Marvels
0%
1994 The New Age
0%
2024 The Piano Lesson
0%
1990 The Return of Superfly
0%
2012 The Samaritan
0%
2008 The Spirit
0%
1972 Together for Days
0%
1996 Trees Lounge
0%
1992 Un fils en danger
0%
1988 Un prince à New York
0%
2017 XXX: Reactivated
0%
Aucun quiz correspondant
Distribution des résultats
% des personnes avec chaque résultat
Percentile par nombre de réponses
Votre historique - résultats
Vous n’avez pas pris ce quiz